000 00718nam a2200217Ii 4500
003 JO-AjNU
008 230606s9999||||xx |||||||||||||| ||und||
020 _a1-56720-504-6
040 _aJO-AjNU
_beng
_erda
_cJO-AjNU
041 _aeng
050 1 4 _aHF5625. R48 2002
100 3 _aBelkaoui,Ahmed Riahi,
_eauthor
_93247
245 0 0 _aInternational Accounting and Economic Development: The Interaction of Accounting Economic and Social Indicators
250 _a1 ed
264 3 1 _aLondon: Quorum Books,2002
300 _a313p
_bIncludes indexes 305-313 p
336 _atext
_btxt
_2rdacontent
337 _aunmediated
_bn
_2rdamedia
338 _avolume
_bnc
_2rdacarrier
650 4 _aInternational Accounting
_93248
999 _aE1699
_c1699
_d1699